000 00386nam a2200145Ia 4500
008 210210b2004 xxu||||| |||| 00| 0 eng d
020 _a81 7453 105 X
082 _aS891.9E MACO
100 _aMACDONELL (A A).
245 _aOrigin and development of sanskrit literature.
260 _aND
_bSanjay Prakashan
_c2004
300 _a334
690 _aSanskrit Criticism
906 _a059840
999 _c106746
_d106746